| 000 | 00937nam a2200265Ia 4500 | ||
|---|---|---|---|
| 003 | OSt | ||
| 005 | 20220923211148.0 | ||
| 006 | a|||||r|||| 00| 0 | ||
| 007 | ta | ||
| 008 | 220922b |||||||| |||| 00| 0 hin d | ||
| 020 |
_a8187482567 (hbk) _c175 |
||
| 024 | _a353,011 | ||
| 037 |
_bGV723, 11/03/2020, Vani Prakashan _cTextual |
||
| 040 |
_aARTS _cARTS _bhin |
||
| 041 |
_2hin _ahin |
||
| 082 | _aV2y7N10w, 152P6 | ||
| 100 |
_aओमप्रकाश दीपक, ले. _9158949 |
||
| 245 | 0 |
_aलोहिया _b एक जीवनी |
|
| 246 | _aLohiyā: ek jīvanī | ||
| 260 |
_aबीकानेर _b वाग्देवी प्रकाशन _c2006 |
||
| 300 |
_a180पृ. _ccm. |
||
| 650 |
_aभारत-इतिहास _9156353 |
||
| 942 |
_hV2y7N10w, 152P6 _cTEXL _2CC |
||
| 999 |
_c296160 _d296160 |
||